00535 2200205 4500001002100000005001500021035002000036007000300056008004100059020001800100082001100118084001700129100002300146245005800169250001000227260004200237300002300279650001700302990001000319INLIS00000000000016020170912012648 a0010-0917000146ta170912 0 ind  a979-9183-43-x a297.62 a297.62 HAM d0 aHamid, Abdul Halim1 aDi Medan Dakwah Bersama Dua Imam /cAbdul Halim Hamid aCet.2 aSurakarta :bEra Internasional,c2000 a207 hlm ;c23,5 cm aDakwah Islam a10465